Odd One Out: Random Edition - Statistics

General Stats
  • This quiz has been taken 59 times
  • The average score is 11 of 15
Answer Stats
Question Answer % Correct
Who was not a Greek God? Patroclus
100%
What is not a colour in the traditional rainbow? Pink
100%
Which of these is a homophone of the word 'Pause'? Pours
100%
Which was not made into a stage show AFTER the film release? The Rocky Horror Show
100%
Which of these is not a prime number? 1
75%
Which of these is not a real Ben & Jerry's ice-cream flavour? Baseball Nut
75%
Which of these is not a car brand? Bvlgari
75%
Which of these is not a Chinese Zodiac? Cat
75%
Which is not an ingredient in a traditional poundcake? Milk
75%
Which of these is not a type of hat? Slicker
75%
Which of these was not a real war? Green Rescue War
50%
Who was not a Prime Minister of Australia? Michael Caton
50%
Which of these is not a national holiday in the U.S.A.? National Eat Your Beans Day
50%
Which of these novels was not written by Steven King? The Hunger
50%
Who was not a famous composer? Wassily Kandinsky
50%
No matching quizzes found
Score Distribution
Percent of People with Each Score
Percentile by Number Answered
Your Score History
You have not taken this quiz